1622 1280 1313 1133 1647 1197 1277 1536 1173 1155 1886 1251 1191 1555 1411 1762 1691 1924 1270 1125 1576 1599 1955 1108 1453 1643 1603 1483 1019 1811 1484 1463 1614 1179 1442 1802 1627 1872 1535 1709 1244 1326 1246 1642 1847 1696 1024 1505 1544 1522 1990 1005 1724 1197 1857 1246 1258 1948 1381 1771 1041 1558 1625 1704 1748 1156 1549 1354 1037 1532 1459 1995 1350 1222 1531 1959 1459 1637 1580 1253 1566 1065 1571 1389 1972 1502 1698 1147 1438 1779 1363 1540 1254 1907 1518 1161 1570 1200 1647 BCNSPRNW ULIB Ver.6.0+V

เปลี่ยนเป็นภาษาไทย

Change to English
 แสดงรายละเอียดบรรณานุกรม
  กลับหน้าหลัก

Brief Record : Get Marc (ISO 2709) : E-mail record : QR code < ปิดหน้าต่าง
LEADER : 00000nam 2200000uu 4500
001    13399112659
003     ULIB
008    110830s2544||||th 000 0 tha d
050  4 JQ1746^bร194ร 2544
245 00 รวมมติ ค.ร.ม.มติก.พ.และระเบียบที่เกี่ยวกับวินัยข้าราชการพลเรือน /^cสำนักงานคณะกรรมการข้าราชการพลเรือน สวัสดิการสำนักงาน ก.พ.
250    พิมพ์ครั้งที่ 9
260    กรุงเทพฯ :^bสวัสดิการสำนักงาน ก.พ.,^c2544
300    410 หน้า ;^c26 ซม.
650  4 ข้าราชการพลเรือน^xกฎหมายและระเบียบข้อบังคับ
710 20 สำนักงานคณะกรรมการข้าราชการพลเรือน. ^bสวัสดิการสำนักงานก.พ.
945    ^p290^l0^i014971
945    ^p290^l0^i014972
995    ทศพร
999 ^a ทศพร
รายการนี้ยังไม่มีแท็ก
คุณยังไม่ได้ล็อกอิน คุณสามารถมีกิจกรรมร่วมกับเว็บไซต์ได้ แต่ต้องล็อกอินก่อน ::
  ล็อกอิน

รายการสื่อสารสนเทศ

ลำดับที่ ประเภท เลขเรียก/บาร์โค้ด สถานที่ สถานะ
- ไม่พบข้อมูล -

BibComment


ยังไม่เคยถูกคอมเมนท์

คอมเมนท์ทรัพยากรรายการนี้
  คอมเมนท์: รวมมติ ครมมติกพแล..


 Copyright 2026. Bcnsprnw @Library